• 首页
  • 本馆介绍
  • 公告通知
  • 最新文献
  • 馆藏检索
  • 电子资源
  • 读者导购
  • 参考咨询
  • 我的图书馆
  • 登录
  • 详细信息显示
  • 放入我的书架
  • 预约/预借图书
  • 作者相关作品
  • 分类相关作品
  • 丛书相关作品
  • 出版社相关作品

书目信息

  • 表格格式
  • 工作单格式
  • 卡片格式
题名:
财务审计实务指南
    
 
作者: 亚东 著
分册:  
出版信息: 北京   人民邮电出版社  2021
页数: 268页
开本: 26cm
丛书名: 普华审计实务工具书系列
单 册:
中图分类: F239.41-62 , F239.4
科图分类:
主题词: 财务审计--cai wu shen ji--指南
电子资源:
ISBN: 978-7-115-56456-6
000 01025nam 2200277 450
001 2171406107
005 20211112195014.60
010    @a978-7-115-56456-6@dCNY89.00
100    @a20210702d2021 em y0chiy50 ea
101 0  @achi
102    @aCN@b110000
105    @aa z 000yy
200 1  @a财务审计实务指南@Acai wu shen ji shi wu zhi nan@d= Practice guide to financial auditing@f亚东著@zeng
210    @a北京@c人民邮电出版社@d2021
215    @a268页@c图@d26cm
225 2  @a普华审计实务工具书系列@Apu hua shen ji shi wu gong ju shu xi lie
300    @a普华经管 普华文化
330    @a本书分为五大部分,共19章内容。书中在介绍了财务审计的一些基本概念后,介绍了风险评估、舞弊的审计应对、主要业务循环审计,以及审计报告及管理建议。
410  0 @12001 @a普华审计实务工具书系列
510 1  @aPractice guide to financial auditing@zeng
606 0  @a财务审计@Acai wu shen ji@j指南
690    @aF239.41-62@v5
690    @aF239.4@v4
701  0 @a亚东@Aya dong@4著
801  0 @aCN@bBP@c20210702
905    @aZUCC@dF239.4@e4
    
    财务审计实务指南= Practice guide to financial auditing/亚东著.-北京:人民邮电出版社,2021
    268页:图;26cm.-(普华审计实务工具书系列)
    普华经管 普华文化
    
    ISBN 978-7-115-56456-6:CNY89.00
    本书分为五大部分,共19章内容。书中在介绍了财务审计的一些基本概念后,介绍了风险评估、舞弊的审计应对、主要业务循环审计,以及审计报告及管理建议。
●
相关链接 在五车中查询图书 在当当中查询图书 在豆瓣中查询图书


正题名:财务审计实务指南     索取号:F239.4/4         预约/预借

序号 登录号 条形码 馆藏地/架位号 状态 备注
1 2000881528   2000881528   第三书库/ [索取号:F239.4/4] 在馆    
2 2000881529   2000881529   第三书库/ [索取号:F239.4/4] 在馆    
3 2000881530   2000881530   第三书库/ [索取号:F239.4/4] 在馆    
山东省滨州职业学院图书馆 欢迎您!
大连网信软件有限公司© 版权所有